Loading...
| Current Events | 1 | 10.00 | 100% | 0% | 0% |
| Fine Arts - Classical Music | 8 | 30.00 | 100% | 100% | 100% |
| Fine Arts - Other Fine Arts | 6 | 15.00 | 100% | 17% | 33% |
| Fine Arts - Painting and Sculpture | 8 | 25.00 | 88% | 88% | 75% |
| Geography | 1 | 10.00 | 100% | 0% | 0% |
| History - American History | 7 | 17.14 | 86% | 57% | 29% |
| History - European History | 7 | 21.43 | 100% | 86% | 29% |
| History - Other History | 7 | 18.57 | 100% | 71% | 14% |
| History - World History | 11 | 11.82 | 73% | 36% | 9% |
| Literature - American Literature | 8 | 26.25 | 100% | 88% | 75% |
| Literature - British Literature | 9 | 25.56 | 100% | 89% | 67% |
| Literature - European Literature | 9 | 28.89 | 100% | 89% | 100% |
| Literature - World Literature | 7 | 25.71 | 100% | 100% | 57% |
| Mythology | 7 | 18.57 | 100% | 43% | 43% |
| Other Academic | 2 | 10.00 | 100% | 0% | 0% |
| Philosophy | 6 | 20.00 | 100% | 100% | 0% |
| Pop Culture | 3 | 16.67 | 67% | 67% | 33% |
| Religion | 8 | 17.50 | 100% | 63% | 13% |
| Science - Biology | 9 | 22.22 | 100% | 89% | 33% |
| Science - Chemistry | 6 | 26.67 | 100% | 100% | 67% |
| Science - Other Science | 9 | 16.67 | 100% | 44% | 22% |
| Science - Physics | 9 | 21.11 | 89% | 100% | 22% |
| Social Science | 7 | 11.43 | 71% | 43% | 0% |